Countries by Wikipedia facts (1/5) Quiz Stats

 Plays Quiz not verified by Sporcle

Score 0/39 Timer 20:00
0 Plays Today
Wikipedia Fact Country % Correct
The Nazi Holocaust caused (Country)'s Jewish population, estimated at 3 million before the war, to drop to just 300,000.Poland
78%
It extends across the whole of northern Asia and 40% of Europe, spanning 9 time zones and incorporating a wide range of environments and landforms.Russia
76.5%
(Country) has the world's largest oil reserves and is the world's largest oil exporter.Saudi Arabia
75.7%
In 1994 the president was assassinated, sparking the (Country's) Genocide. Between 500,000 and 1,000,000 Tutsis and moderate Hutus were killed in 100 days.Rwanda
70.7%
Unlike other equatorial countries, it does not have an exclusively tropical climate; the influence of the Andes and the Humboldt Current cause great climatic diversity.Peru
69.2%
(Country) has the world's largest Catholic population.Brazil
65.6%
(Country) has no armed force of its own apart from the Swiss Guard.Vatican City
65.6%
The immigrants named the land '(Country)', which in the Romance languages, and in Latin in particular, means 'Land of the Free', as an homage to freedom from slavery.Liberia
63.5%
The (Country) government recognises four official languages: English, Malay, Chinese (Mandarin), and Tamil.Singapore
62.9%
(Country) is the poorest country in the Americas as per the Human Development Index.Haiti
62.9%
The PRC refuses to have diplomatic relations with any nation that recognizes (Country). As a result, there are only 23 states that have official diplomatic relations with (Country)Taiwan
62.8%
It is one of only two nations in the region, the other being Egypt, that have diplomatic relations with Israel.Jordan
62.4%
It is the only national flag in the world with just one color and no design, insignia, or other details.Libya
61.4%
(Country) has the third-highest Muslim population in the world and has the highest population of Muslims for a non-Muslim majority country.India
59.3%
(Country)'s human development index (HDI) stands at 0.912, the second highest in Middle East after Israel, and the highest in the Arab world.Kuwait
58.3%
It was formerly known as Spanish (Country) to differentiate it from British (Country) (now Belize).Honduras
56.9%
It is famous as a tax haven, and wealthy foreigners make up the majority of the population at approximately 84%.Monaco
53.8%
Afrikaans is spoken by 60% of the white community, German is spoken by 32%, English is spoken by 7% and Portuguese by 1%.Namibia
53.7%
(Country) declared itself an independent country on December 16, 1991, the last Soviet republic to do so.Kazakhstan
52.2%
Apart from being the only sovereign monarchy among the island nations of the Pacific, (Country) is also the only island nation in the region to have avoided formal colonisation.Tonga
50.6%
Wikipedia Fact Country % Correct
International superstar Madonna started Raising (Country), a foundation that focuses on raising money and building infrastructure to help AIDS orphans in (Country).Malawi
43.3%
With an average ground level of 1.5 metres above sea level, it is the lowest country on the planet. It is also the country with the lowest highest point in the world, at 2.3 metresMaldives
41.7%
(Country) was invaded by combined forces from the United States, the Regional Security System (RSS) and Jamaica, in an operation codenamed Operation Urgent Fury. Grenada
40.8%
(Country) was ruled by President for Life Saparmurat Niyazov until his sudden death on December 21, 2006.Turkmenistan
39%
(Country's people) were among the first people to embrace Islam. (Country)'s most prominent role was when it propagated Islam in many of East Africa's coastal regions.Oman
38.4%
The last soldier to serve under the colours of (Country) died in 1939 at age 95. Order within the country is kept by a small police force.Liechtenstein
36.2%
(Country) is one of only two predominantly Roman Catholic countries in Asia, the other being the Philippines.East Timor
36.1%
From 1946 to 1958, the U.S. tested 67 nuclear weapons in (Country), including the largest nuclear test the U.S. ever conducted, Castle Bravo.Marshall Islands
35.4%
(Country) is the only nation in Europe that retains the death penalty for certain crimes during times of peace and war.Belarus
35%
Despite the signing of peace accords, fighting continues. The war is the world's deadliest conflict since WWII, killing 5.4 million people.Democratic Republic of the Congo
34.5%
(Country) is home to 5% of the world's plant and animal species, of which more than 80% are endemic to (Country).Madagascar
33.5%
In the past, it was a strong public supporter of the end of apartheid in South Africa and granted a number of South African refugees political asylum during the apartheid era.Lesotho
32.6%
The Taoiseach (prime minister) is appointed by the president on his election by the lower house of the parliament.Ireland
30.8%
In 1932–33, millions starved to death in a famine known as Holodomor or 'Great Famine'.Ukraine
25.9%
The country is called 'Africa in miniature' for its geological and cultural diversity. Natural features include beaches, deserts, mountains, rainforests, and savannas.Cameroon
23.2%
(Country)'s birthrate is the world's lowest. If this continues, its population is expected to decrease by 13 percent to 42.3 million in 2050.South Korea
20.4%
Modern day slavery is still a common practice in this country. According to some estimates, up to 600,000 (Country's people), or 20% of the population, are still enslaved.Mauritania
20.3%
(Country) was the first successful attempt to establish a democratic and secular republic in the Muslim world.Azerbaijan
17.3%
(Country) boasts the highest ratio of Nobel laureates produced with respect to the total population of any country in the world.St. Lucia
8.3%

You're not logged in!

Compare scores with friends on all Sporcle quizzes.
OR
Log In

Sporcle TV

Today on Sporcle TV


Watch our educational content, quiz creation guides, and fun videos on Sporcle TV.

Show Comments

Extras

Created Nov 2, 2010ReportNominate
Tags:Country Quiz, wikipedia

Top Quizzes Today


Score Distribution

Your Account Isn't Verified!

In order to create a playlist on Sporcle, you need to verify the email address you used during registration. Go to your Sporcle Settings to finish the process.

Report this User

Report this user for behavior that violates our Community Guidelines.

Details: